Personalität als Wesen und Geschichte
| Main Author: | |
|---|---|
| Format: | Print Book |
| Language: | German |
| Subito Delivery Service: | Order now. |
| Check availability: | HBZ Gateway |
| WorldCat: | WorldCat |
| Interlibrary Loan: | Interlibrary Loan for the Fachinformationsdienste (Specialized Information Services in Germany) |
| Published: |
München Paderborn Wien
Schöningh
1974
|
| In: | Year: 1974 |
| Reviews: | Holz, Harald, Personalität als Wesen und Geschichte (1976) (Fritzsche, Hans-Georg, 1926 - 1986)
Holz, Harald, Personalität als Wesen und Geschichte (1976) (Fritzsche, Hans-Georg, 1926 - 1986) |
| Standardized Subjects / Keyword chains: | B
Philosophy of history
/ Philosophical anthropology
/ Person
B Philosophical anthropology |
| Further subjects: | B
Philosophical anthropology
B Philosophy of history B Person |
MARC
| LEADER | 00000cam a2200000 c 4500 | ||
|---|---|---|---|
| 001 | 019919913 | ||
| 003 | DE-627 | ||
| 005 | 20251219203952.0 | ||
| 007 | tu | ||
| 008 | 920101s1974 gw ||||| 00| ||ger c | ||
| 015 | |a 75,A01,0081 |2 dnb | ||
| 016 | 7 | |a 750000082 |2 DE-101 | |
| 020 | |a 3506739409 |c kart. : DM 22.00 |9 3-506-73940-9 | ||
| 035 | |a (DE-627)019919913 | ||
| 035 | |a (DE-576)004765184 | ||
| 035 | |a (DE-599)GBV019919913 | ||
| 035 | |a (OCoLC)01318055 | ||
| 035 | |a (OCoLC)1030386628 | ||
| 035 | |a (AT-OBV)AC00808716 | ||
| 035 | |a (DE-604)8030478480 | ||
| 040 | |a DE-627 |b ger |c DE-627 |e rakwb | ||
| 041 | |a ger | ||
| 044 | |c XA-DE |c XA-AT | ||
| 082 | 0 | |a 126 | |
| 082 | 0 | 4 | |a 03a |q dnb |
| 084 | |a PHIL 283 |2 sfb | ||
| 084 | |a 03a |a 14a |2 sdnb | ||
| 084 | |a 1 |2 ssgn | ||
| 084 | |a CC 6020 |2 rvk |0 (DE-625)rvk/17651: | ||
| 084 | |a 08.36 |2 bkl | ||
| 100 | 1 | |0 (DE-588)118943103 |0 (DE-627)079721168 |0 (DE-576)161476015 |4 aut |a Holz, Harald |d 1930-2024 | |
| 109 | |a Holz, Harald 1930-2024 | ||
| 191 | |a 1 | ||
| 245 | 1 | 0 | |a Personalität als Wesen und Geschichte |c Harald Holz |
| 264 | 1 | |a München |a Paderborn |a Wien |b Schöningh |c 1974 | |
| 300 | |a 199 S |c 24 cm | ||
| 336 | |a Text |b txt |2 rdacontent | ||
| 337 | |a ohne Hilfsmittel zu benutzen |b n |2 rdamedia | ||
| 338 | |a Band |b nc |2 rdacarrier | ||
| 583 | 1 | |a Archivierung/Langzeitarchivierung gewährleistet |f SSG |x XA-DE-BW |2 pdager |5 DE-21 | |
| 583 | 1 | |a Archivierung prüfen |c 20240324 |f DE-4165 |z 3 |2 pdager | |
| 601 | |a Geschichte | ||
| 650 | 4 | |a Geschichtsphilosophie | |
| 650 | 4 | |a Philosophische Anthropologie | |
| 650 | 4 | |a Person | |
| 689 | 0 | 0 | |d s |0 (DE-588)4020529-0 |0 (DE-627)104598778 |0 (DE-576)208933743 |2 gnd |a Geschichtsphilosophie |
| 689 | 0 | 1 | |d s |0 (DE-588)4045798-9 |0 (DE-627)106200232 |0 (DE-576)20906689X |2 gnd |a Philosophische Anthropologie |
| 689 | 0 | 2 | |d s |0 (DE-588)4134819-9 |0 (DE-627)104563931 |0 (DE-576)20965550X |2 gnd |a Person |
| 689 | 0 | |5 DE-101 | |
| 689 | 1 | 0 | |d s |0 (DE-588)4045798-9 |0 (DE-627)106200232 |0 (DE-576)20906689X |2 gnd |a Philosophische Anthropologie |
| 689 | 1 | |5 (DE-627) | |
| 787 | 0 | 8 | |i Rezension |a Fritzsche, Hans-Georg, 1926 - 1986 |t Holz, Harald, Personalität als Wesen und Geschichte |d 1976 |w (DE-627)1442216069 |w (DE-576)372216064 |
| 787 | 0 | 8 | |i Rezensiert in |a Fritzsche, Hans-Georg, 1926 - 1986 |t Holz, Harald, Personalität als Wesen und Geschichte |d 1976 |w (DE-627)1520997191 |w (DE-576)450997197 |
| 935 | |a mteo | ||
| 935 | |i Blocktest | ||
| 936 | r | v | |a CC 6020 |b Sein, Existenz, Wirklichkeit |k Philosophie |k Systematische Philosophie |k Ontologie und Metaphysik |k Sein, Existenz, Wirklichkeit |0 (DE-627)1270638947 |0 (DE-625)rvk/17651: |0 (DE-576)200638947 |
| 936 | b | k | |a 08.36 |j Philosophische Anthropologie |0 (DE-627)106403060 |
| 951 | |a BO | ||
| ELC | |b 1 | ||
| ITA | |a 1 |t 1 | ||
| LOK | |0 000 xxxxxcx a22 zn 4500 | ||
| LOK | |0 001 3095390378 | ||
| LOK | |0 003 DE-627 | ||
| LOK | |0 004 019919913 | ||
| LOK | |0 005 20121015155622 | ||
| LOK | |0 008 980818||||||||||||||||ger||||||| | ||
| LOK | |0 040 |a DE-21 |c DE-627 |d DE-21 | ||
| LOK | |0 852 |a DE-21 | ||
| LOK | |0 852 1 |c 14 A 12337 |9 00 | ||
| LOK | |0 935 |a kram |a konv |a theo | ||
| LOK | |0 939 |a 18-08-98 |b l01 | ||
| LOK | |0 000 xxxxxcx a22 zn 4500 | ||
| LOK | |0 001 3095390440 | ||
| LOK | |0 003 DE-627 | ||
| LOK | |0 004 019919913 | ||
| LOK | |0 005 20100408021230 | ||
| LOK | |0 008 051014||||||||||||||||ger||||||| | ||
| LOK | |0 040 |a DE-21-31 |c DE-627 |d DE-21-31 | ||
| LOK | |0 541 |e 3277 (herm) | ||
| LOK | |0 852 |a DE-21-31 | ||
| LOK | |0 852 1 |c Yi I h 17 |m p |9 00 | ||
| LOK | |0 938 |k p | ||
| LOK | |0 939 |a 14-10-05 |b l01 | ||
| LOK | |0 000 xxxxxcx a22 zn 4500 | ||
| LOK | |0 001 3095390459 | ||
| LOK | |0 003 DE-627 | ||
| LOK | |0 004 019919913 | ||
| LOK | |0 005 20100406203012 | ||
| LOK | |0 008 050820||||||||||||||||ger||||||| | ||
| LOK | |0 040 |a DE-21-46 |c DE-627 |d DE-21-46 | ||
| LOK | |0 541 |e 20378 | ||
| LOK | |0 689 |a s |0 1311379797 |a Personalität | ||
| LOK | |0 852 |a DE-21-46 | ||
| LOK | |0 852 1 |c D 9/1974,6 |m p |9 00 | ||
| LOK | |0 935 |a k046 | ||
| LOK | |0 938 |k p | ||
| LOK | |0 939 |a 20-08-05 |b l01 | ||
| ORI | |a SA-MARC-ixtheoa001.raw | ||
| REL | |a 1 | ||
| STA | 0 | 0 | |a Person,Philosophical anthropology,Anthropology,Philosophy of history,History,History |
| STB | 0 | 0 | |a Anthropologie philosophique,Personne,Philosophie de l'histoire |
| STC | 0 | 0 | |a Antropología filosófica,Filosofía de la historia,Persona |
| STD | 0 | 0 | |a Antropologia filosofica,Filosofia della storia,Persona |
| STE | 0 | 0 | |a 个人,个体,历史哲学,哲学人类学 |
| STF | 0 | 0 | |a 個人,個體,哲學人類學,歷史哲學 |
| STG | 0 | 0 | |a Antropologia filosófica,Filosofia da história,Pessoas |
| STH | 0 | 0 | |a Философия истории,Философская антропология,Человек,Лицо |
| STI | 0 | 0 | |a Άτομο,Φιλοσοφία της ιστορίας,Φιλοσοφική ανθρωπολογία |
| SUB | |a REL | ||
| SYE | 0 | 0 | |a Geschichte , Anthropologie |
| SYG | 0 | 0 | |a Geschichte , Anthropologie , Anthropologie |



